| 000 | 01103cam a2200313 a 4500 | ||
|---|---|---|---|
| 005 | 20260322212018.0 | ||
| 008 | data | ||
| 010 | _a 2012012917 | ||
| 020 | _a9781616491482 (softcover) | ||
| 020 | _a9781616494551 (ebook) | ||
| 020 | _a1616491485 | ||
| 040 |
_aDLC _cDLC _dDLC |
||
| 042 | _apcc | ||
| 050 | 0 | 0 |
_aRC466 _b.K66 2012 |
| 082 | 0 | 0 |
_a616.89 _223 |
| 092 | _a616.89 K66 2012 | ||
| 100 | 1 |
_aKomrad, Mark S., _d1957- |
|
| 245 | 1 | 0 |
_aYou need help! : _ba step-by-step plan to convince a loved one to get counseling / _cMark S. Komrad. |
| 260 |
_aCenter City, Minn. : _bHazelden, _c2012. |
||
| 300 |
_axiii, 265 p. ; _c22 cm. |
||
| 504 | _aIncludes bibliographical references. | ||
| 650 | 0 | _aMental health counseling. | |
| 650 | 0 | _aPersuasion (Psychology) | |
| 650 | 0 |
_aMental illness _xDiagnosis. |
|
| 906 |
_a7 _bcbc _corignew _d1 _eecip _f20 _gy-gencatlg |
||
| 925 | 0 |
_aacquire _b2 shelf copies _xpolicy default |
|
| 955 |
_wrd13 2012-04-12 _frc20 2013-04-22 to BCCD _trc20 2013-04-22 to BCCD |
||
| 001 | data | ||
| 999 |
_c391 _d391 |
||